Ekonomická statistika pro vnitřní obchod

Gespeichert in:
Bibliographische Detailangaben
1. Verfasser: Moravová, Jiřina
Körperschaft: Vysoká škola ekonomická v Praze. Národohospodářská fakulta
Format: Buch
Sprache:Tschechisch
Veröffentlicht: Praha Státní pedagogické nakladatelství 1980
Tags: Tag hinzufügen
Keine Tags, Fügen Sie das erste Tag hinzu!

MARC

LEADER 00000nam a2200000 4500
001 c131594
005 20190408125555.9
041 0 |a cze 
044 |a CZ 
245 1 0 |a Ekonomická statistika pro vnitřní obchod  |c Jiřina Moravová 
264 1 |a Praha  |b Státní pedagogické nakladatelství  |c 1980 
300 |a 283 s. 
100 1 |a Moravová, Jiřina 
710 2 |a Vysoká škola ekonomická v Praze. Národohospodářská fakulta